Oxford advanced learner's dictionary of current English

This updated edition, in addition to a wide lexical coverage, an abundance of useful examples, and detailed information on grammar and usage, offers a number of new features which makes the dictionary even more authoritative and helpful to users. These include: use of the unparalleled information co...

Full description

Saved in:
Bibliographic Details
Main Author: Horby, A. S.
Format: Book
Language:Undetermined
Published: Oxford Oxford University Press 1995
Subjects:
Tags: Add Tag
No Tags, Be the first to tag this record!
Institutions: Trung tâm Học liệu Trường Đại học Cần Thơ
LEADER 01253nam a2200205Ia 4500
001 CTU_219198
008 210402s9999 xx 000 0 und d
082 |a 423 
082 |b H814 
100 |a Horby, A. S. 
245 0 |a Oxford advanced learner's dictionary of current English 
245 0 |c A. S. Horby ; Edotor Jonathan Crowther ; Assistant editor Kathryn Kavanagh ; Phonetics editor Micheal Ashby 
260 |a Oxford 
260 |b Oxford University Press 
260 |c 1995 
520 |a This updated edition, in addition to a wide lexical coverage, an abundance of useful examples, and detailed information on grammar and usage, offers a number of new features which makes the dictionary even more authoritative and helpful to users. These include: use of the unparalleled information contained in the British National Corpus of Spoken and Written British and American English; a simple defining style, restricted to a carefully-chosen vocabulary of 2800 common words; and 16 language study pages, covering important aspects of English such as verbs, nouns, and vocabulary. 
650 |a English language,Tiếng Anh 
650 |x Dictionaries,Từ điển 
904 |i Qhieu 
980 |a Trung tâm Học liệu Trường Đại học Cần Thơ